| 000 | 01247nam a22003375a 4500 | ||
|---|---|---|---|
| 005 | 20150813153823.0 | ||
| 008 | 081117s2003 a|||fr|||| 001 0 eng d | ||
| 010 | _a 2003265327 | ||
| 020 | _a0471073229 | ||
| 020 | _a0471368156 | ||
| 020 | _a978047136815 | ||
| 040 |
_aEG-ScBUE _beng _cEG-ScBUE |
||
| 082 | 0 | 4 |
_a004.21 _bDEN _222 |
| 100 | 1 |
_aDennis, Alan. _933378 |
|
| 245 | 1 | 0 |
_aSystems analysis design / _cAlan Dennis, Barbara Wixom. |
| 250 | _a2nd ed. | ||
| 260 |
_aNew York : _bJohn Wiley & Sons, _cc.2003. |
||
| 300 |
_axx, 537 p. : _bill. (some col.) ; _c26 cm. |
||
| 500 | _aIndex : p. 527-537. | ||
| 590 | _ayassmeen ashraf | ||
| 650 | 0 |
_aSystem design. _933379 _2BUEsh |
|
| 650 | 0 |
_aSystem analysis. _933380 _2BUEsh |
|
| 650 | 0 |
_aComputer architecture. _933381 _2BUEsh |
|
| 651 | _2BUEsh | ||
| 653 |
_bCOMSCI _cAugust2015 |
||
| 700 | 1 |
_aWixom, Barbara Haley, _d1969- _933382 |
|
| 856 | 4 | 2 |
_3Publisher description _uhttp://www.loc.gov/catdir/description/wiley036/2003265327.html |
| 856 | 4 | 1 |
_3Table of contents _uhttp://www.loc.gov/catdir/toc/wiley032/2003265327.html |
| 856 | 4 | 2 |
_3Contributor biographical information _uhttp://www.loc.gov/catdir/enhancements/fy0615/2003265327-b.html |
| 942 |
_cBB _k004.21 DEN _2ddc |
||
| 999 |
_c406 _d406 |
||